| 000 | 00641nam a2200217 a 4500 | ||
|---|---|---|---|
| 999 |
_c7577 _d7577 |
||
| 001 | 7577 | ||
| 003 | BD-JhCC | ||
| 005 | 20180211191425.0 | ||
| 008 | 180211s1978 bg |||| ||a| 001 0 ben d | ||
| 035 | _a(BD-JhCC)7577 | ||
| 040 |
_aBD-JhCC _dBD-JhCC |
||
| 041 | _aeng | ||
| 082 |
_a020 _bALI 1978 |
||
| 100 | _aআলী,সাদাত | ||
| 245 |
_aআধুনিক গ্রন্থাগার বিজ্ঞান / _cসাদাত আলী . |
||
| 260 |
_aঢাকা : _bবর্ণ বিচিত্রা ; _c1978 . |
||
| 300 |
_a122 p . : _c22 cm. |
||
| 651 | _aLibrary Science | ||
| 942 |
_2lcc _cBK |
||